| 000 | 01035nam a22002897a 4500 | ||
|---|---|---|---|
| 001 | BR8200144 | ||
| 003 | BR-BrBNA | ||
| 005 | 20230928091226.0 | ||
| 007 | ta | ||
| 008 | 230509b bl.||||| |||| 00| 0 por d | ||
| 040 |
_aBR-BrBNA _bpor _cBiblioteca Nacional de Agricultura |
||
| 041 | _a(Por) | ||
| 072 |
_aU20; C00 _b/G514 |
||
| 090 | _ U20 BR8200144 | ||
| 100 | 1 | _aAcosta-Hoyos, L.E. | |
| 110 | 1 |
_aEmpresa Brasileira de Pesquisa Agropecuaria, Brasilia, DF. Depto. de Informacao e Documentacao _93872 |
|
| 245 | 1 | _aCaracteristicas do processo de comunicacao cientifica entre pesquisadores agricolas brasileiros [Ciencia da informacao] | |
| 246 | 1 | _a[Characteristics of the scientific communication process among brazilian agricultural research workers [Information science]] | |
| 260 | 3 |
_aBrasilia, DF (Brasil): _c1981. |
|
| 300 | _a42 p. | ||
| 500 | _a24 tables; 28 ref. | ||
| 650 | _aDocumentacao | ||
| 650 | _aComunicacao | ||
| 650 | _aCiencia da informacao | ||
| 909 |
_a202309 _bLucia _c55 _dLucia Elande |
||
| 942 | _cBK | ||
| 999 |
_c32931 _d32931 |
||